Podział administracyjny Estonii - Statystyki

Ogólne statystyki
  • Ten quiz został rozwiązany 8 razy
  • Średni wynik to 4 z 15
Statystyki odpowiedzi
Nazwa jednostki administracyjnej Nazwa % Poprawnych
Prowincja Tartu
71%
Prowincja Hiuma
43%
Prowincja Parnawa
43%
Prowincja Harjumaa
29%
Prowincja Sarema
29%
Prowincja Virumaa Wschodnia
29%
Prowincja Virumaa Zachodnia
29%
Prowincja Järvamaa
14%
Prowincja Jõgevamaa
14%
Prowincja Läänemaa
14%
Prowincja Polvamaa
14%
Prowincja Raplamaa
14%
Prowincja Valgamaa
14%
Prowincja Viljandimaa
14%
Prowincja Võrumaa
14%
Nie znaleziono quizów pasujących do podanych kryteriów
Rozkład punktacji
Procent ludzi z każdym wynikiem
Percentyl według liczby udzielonych odpowiedzi
Twoja historia wyników
Nie rozwiązałeś tego quizu